Miasta woj. podkarpackiego - Statystyki

Ogólne statystyki
  • Ten quiz został rozwiązany 57 razy
  • Średni wynik to 25 z 54
Statystyki odpowiedzi
Powiat Odpowiedź % Poprawnych
miasto na prawach powiatu Rzeszów
98%
miasto na prawach powiatu Przemyśl
88%
dębicki Dębica
86%
miasto na prawach powiatu Krosno
84%
jarosławski Jarosław
79%
stalowowolski Stalowa Wola
79%
brzozowski Brzozów
77%
jasielski Jasło
77%
mielecki Mielec
77%
przeworski Przeworsk
77%
sanocki Sanok
77%
miasto na prawach powiatu Tarnobrzeg
77%
lubaczowski Lubaczów
74%
bieszczadzki Ustrzyki Dolne
74%
łańcucki Łańcut
72%
leżajski Leżajsk
72%
niżański Nisko
72%
ropczycko-sędziszowski Ropczyce
70%
kolbuszowski Kolbuszowa
67%
ropczycko-sędziszowski Sędziszów Małopolski
63%
leski Lesko
60%
strzyżowski Strzyżów
60%
rzeszowski Boguchwała
51%
krośnieński Iwonicz-Zdrój
40%
niżański Rudnik nad Sanem
40%
rzeszowski Tyczyn
40%
krośnieński Dukla
37%
krośnieński Rymanów
37%
krośnieński Jedlicze
35%
rzeszowski Sokołów Małopolski
35%
sanocki Zagórz
35%
rzeszowski Dynów
33%
tarnobrzeski Nowa Dęba
33%
przeworski Kańczuga
30%
dębicki Pilzno
30%
jarosławski Radymno
30%
rzeszowski Głogów Małopolski
28%
leżajski Nowa Sarzyna
28%
niżański Ulanów
28%
rzeszowski Błażowa
26%
dębicki Brzostek
23%
lubaczowski Narol
23%
lubaczowski Oleszyce
23%
przemyski Bircza
21%
przeworski Sieniawa
21%
lubaczowski Cieszanów
19%
przemyski Dubiecko
19%
jasielski Kołaczyce
19%
mielecki Radomyśl Wielki
19%
stalowowolski Zaklików
19%
tarnobrzeski Baranów Sandomierski
16%
przeworski Jawornik Polski
12%
mielecki Przecław
12%
jarosławski Pruchnik
7%
Nie znaleziono quizów pasujących do podanych kryteriów
Rozkład punktacji
Procent ludzi z każdym wynikiem
Percentyl według liczby udzielonych odpowiedzi
Twoja historia wyników
Nie rozwiązałeś tego quizu